000 00332nam a22001337a 4500
008 170601b xxu||||| |||| 00| 0 eng d
020 _a9780312153519
041 _aeng
080 _24 ED
_a94(7/8)
100 _a17
101 _aSHH
245 _aRACE CLASS GENDER IN THE UNITED STATES
_cROTHENBERG,P.S
942 _2udc
_cBK
999 _c15288
_d15288